=LDR 00000nam 2200000 4500 =001 INLIS000000000037612 =005 20130612143334 =008 ***********************************Ind** =035 ##$$0010-061300000037612 =041 ##$$a Ind =082 ##$$a 649.1 =090 ##$$a 649.1, Hag k =100 ##$$a Haque, Shanaz =245 ##$$a Keep smiling Mengasuh anak tanpa panik, Shanaz Haque ; editor, Yani Suryani =260 ##$$a 2008 $b Bandung =300 ##$$a 110 hlm, ilus, 20 cm =650 ##$$a Mengasuh anak =850 ##$$a NBPNMAT